[Event "Campeonato España Sub 12"]
[Site "Salobreña"]
[Date "2017.07.13"]
[Round "6"]
[White "Ruiz Pardo, Claudia"]
[Black "Castro Quijano, Eduardo"]
[Result "0-1"]
[Board "17"]
[WhiteClock "1:30"]
[WhiteElo "1588"]
[WhiteCountry "ESP"]
[WhiteFideId "24533190"]
[WhiteEloChange "-8"]
[BlackClock "1:30"]
[BlackElo "1650"]
[BlackCountry "ESP"]
[BlackFideId "24507407"]
[BlackEloChange "8"]

1. e4 {[%clk 1:30:00]} c5 {[%clk 1:28:00]} 2. Nf3 {[%clk 1:31:00]} e6 {[%clk
1:29:00]} 3. c4 {[%clk 1:31:00]} Nc6 {[%clk 1:29:00]} 4. Nc3 {[%clk 1:31:00]} Nd4
{[%clk 1:29:00]} 5. Be2 {[%clk 1:30:00]} a6 {[%clk 1:27:00]} 6. d3 {[%clk
1:30:00]} Ne7 {[%clk 1:28:00]} 7. Be3 {[%clk 1:29:00]} Nec6 {[%clk 1:28:00]} 8.
a3 {[%clk 1:28:00]} Be7 {[%clk 1:27:00]} 9. O-O {[%clk 1:28:00]} O-O {[%clk
1:27:00]} 10. Rb1 {[%clk 1:23:00]} f6 {[%clk 1:25:00]} 11. Na2 {[%clk 1:20:00]}
b6 {[%clk 1:19:00]} 12. b4 {[%clk 1:19:00]} e5 {[%clk 1:19:00]} 13. Bxd4 {[%clk
1:16:00]} Nxd4 {[%clk 1:20:00]} 14. Nc3 {[%clk 1:16:00]} Bb7 {[%clk 1:18:00]} 15.
Nd5 {[%clk 1:14:00]} Bxd5 {[%clk 1:18:00]} 16. exd5 {[%clk 1:13:00]} Bd6 {[%clk
1:17:00]} 17. Nxd4 {[%clk 1:12:00]} cxd4 {[%clk 1:16:00]} 18. Bf3 {[%clk
1:11:00]} a5 {[%clk 1:15:00]} 19. Qb3 {[%clk 1:08:00]} Rb8 {[%clk 1:13:00]} 20.
Rfc1 {[%clk 1:07:00]} axb4 {[%clk 1:11:00]} 21. axb4 {[%clk 1:08:00]} Qe7 {[%clk
1:11:00]} 22. g3 {[%clk 1:00:00]} f5 {[%clk 1:11:00]} 23. Re1 {[%clk 1:00:00]}
Kh8 {[%clk 1:10:00]} 24. Qb2 {[%clk 0:57:00]} Rfe8 {[%clk 1:08:00]} 25. Bg2
{[%clk 0:57:00]} Qf8 {[%clk 1:07:00]} 26. Bh3 {[%clk 0:53:00]} Re7 {[%clk
1:05:00]} 27. Bg2 {[%clk 0:47:00]} Ree8 {[%clk 1:01:00]} 28. Qd2 {[%clk 0:45:00]}
Rb7 {[%clk 0:59:00]} 29. Bf3 {[%clk 0:38:00]} Ra7 {[%clk 0:57:00]} 30. Rb3 {[%clk
0:37:00]} Rea8 {[%clk 0:57:00]} 31. Reb1 {[%clk 0:37:00]} g6 {[%clk 0:54:00]} 32.
Kg2 {[%clk 0:35:00]} Kg7 {[%clk 0:51:00]} 33. h4 {[%clk 0:35:00]} Ra2 {[%clk
0:52:00]} 34. R3b2 {[%clk 0:35:00]} Rxb2 {[%clk 0:51:00]} 35. Qxb2 {[%clk
0:34:00]} Ra4 {[%clk 0:51:00]} 36. b5 {[%clk 0:33:00]} Rb4 {[%clk 0:49:00]} 37.
Qc2 {[%clk 0:34:00]} Rxb1 {[%clk 0:49:00]} 38. Qxb1 {[%clk 0:34:00]} Qa8 {[%clk
0:49:00]} 39. Qc1 {[%clk 0:34:00]} Qa5 {[%clk 0:48:00]} 40. h5 {[%clk 0:34:00]}
Qc3 {[%clk 0:46:00]} 41. Qg5 {[%clk 0:33:00]} Qxd3 {[%clk 0:44:00]} 42. h6+
{[%clk 0:33:00]} Kf7 {[%clk 0:42:00]} 43. Qd8 {[%clk 0:33:00]} e4 {[%clk
0:34:00]} 44. Qxd7+ {[%clk 0:33:00]} Be7 {[%clk 0:34:00]} 45. Qe6+ {[%clk
0:32:00]} Ke8 {[%clk 0:31:00]} 46. d6 {[%clk 0:32:00]} exf3+ {[%clk 0:31:00]} 47.
Kh2 {[%clk 0:29:00]} Qe2 {[%clk 0:29:00]} 48. d7+ {[%clk 0:28:00]} Kf8 {[%clk
0:28:00]} 49. d8Q+ {[%clk 0:27:00]} Bxd8 {[%clk 0:28:00]} 50. Qd6+ {[%clk
0:27:00]} Qe7 {[%clk 0:19:59]} 51. Qxd4 {[%clk 0:27:00]} Qf6 {[%clk 0:20:00]} 52.
Qd3 {[%clk 0:26:00]} f4 {[%clk 0:17:33]} 53. Qa3+ {[%clk 0:25:00]} Kf7 {[%clk
0:17:39]} 54. Qxf3 {[%clk 0:25:00]} fxg3+ {[%clk 0:18:03]} 55. Qxg3 {[%clk
0:24:00]} Qh4+ {[%clk 0:18:03]} 0-1

[Event "Campeonato España Sub 12"]
[Site "Salobreña"]
[Date "2017.07.13"]
[Round "6"]
[White "Cervello Navarro, Hector"]
[Black "Habans Aguerrea, Javier"]
[Result "0-1"]
[Board "18"]
[WhiteClock "1:30"]
[WhiteElo "1434"]
[WhiteCountry "ESP"]
[WhiteFideId "24585181"]
[WhiteEloChange "-4"]
[BlackClock "1:30"]
[BlackElo "1676"]
[BlackCountry "ESP"]
[BlackFideId "24524689"]
[BlackEloChange "4"]

1. e4 {[%clk 1:30:00]} c5 {[%clk 1:30:00]} 2. Nc3 {[%clk 1:31:00]} Nc6 {[%clk
1:30:00]} 3. Bb5 {[%clk 1:31:00]} Nd4 {[%clk 1:30:00]} 4. Bc4 {[%clk 1:32:00]} a6
{[%clk 1:30:00]} 5. a4 {[%clk 1:31:00]} Rb8 {[%clk 1:27:00]} 6. Nf3 {[%clk
1:17:00]} b5 {[%clk 1:22:00]} 7. Ba2 {[%clk 1:17:00]} Bb7 {[%clk 1:18:00]} 8. d3
{[%clk 1:10:00]} e6 {[%clk 1:14:00]} 9. axb5 {[%clk 0:57:00]} axb5 {[%clk
1:14:00]} 10. Nxd4 {[%clk 0:57:00]} cxd4 {[%clk 1:15:00]} 11. Ne2 {[%clk
0:51:00]} Bc5 {[%clk 1:09:00]} 12. Bf4 {[%clk 0:50:00]} Rc8 {[%clk 1:06:00]} 13.
Be5 {[%clk 0:50:00]} Qg5 {[%clk 1:05:00]} 14. f4 {[%clk 0:43:00]} Qxg2 {[%clk
1:00:00]} 15. Rg1 {[%clk 0:44:00]} Qxh2 {[%clk 1:00:00]} 16. Bxg7 {[%clk
0:41:00]} Bb4+ {[%clk 1:00:00]} 17. Kf1 {[%clk 0:38:00]} Qh3+ {[%clk 0:58:00]}
18. Kf2 {[%clk 0:32:00]} f5 {[%clk 0:54:00]} 19. Ng3 {[%clk 0:24:00]} fxe4 {[%clk
0:54:00]} 20. Rh1 {[%clk 0:24:00]} e3+ {[%clk 0:54:00]} 21. Ke2 {[%clk 0:23:00]}
Qg2# {[%clk 0:54:00]} 0-1

[Event "Campeonato España Sub 12"]
[Site "Salobreña"]
[Date "2017.07.13"]
[Round "6"]
[White "Llena Velarde, David"]
[Black "Ramirez Ocana, Eneas"]
[Result "1-0"]
[Board "19"]
[WhiteClock "1:30"]
[WhiteElo "1642"]
[WhiteCountry "ESP"]
[WhiteFideId "32092024"]
[WhiteEloChange "3"]
[BlackClock "1:30"]
[BlackElo "1317"]
[BlackCountry "ESP"]
[BlackFideId "54505640"]
[BlackEloChange "-3"]

1. e4 {[%clk 1:30:00]} c6 {[%clk 1:30:00]} 2. d4 {[%clk 1:31:00]} d5 {[%clk
1:31:00]} 3. exd5 {[%clk 1:30:00]} cxd5 {[%clk 1:31:00]} 4. Bd3 {[%clk 1:30:00]}
Nf6 {[%clk 1:31:00]} 5. c3 {[%clk 1:29:00]} e6 {[%clk 1:30:00]} 6. Bf4 {[%clk
1:27:00]} Bd6 {[%clk 1:28:00]} 7. Bxd6 {[%clk 1:28:00]} Qxd6 {[%clk 1:29:00]} 8.
Nf3 {[%clk 1:26:00]} Nc6 {[%clk 1:27:00]} 9. O-O {[%clk 1:25:00]} O-O {[%clk
1:26:00]} 10. Re1 {[%clk 1:25:00]} b6 {[%clk 1:26:00]} 11. Nbd2 {[%clk 1:22:00]}
Bb7 {[%clk 1:22:00]} 12. Ne5 {[%clk 1:22:00]} Nd7 {[%clk 1:20:00]} 13. Ndf3
{[%clk 1:13:00]} Ndxe5 {[%clk 1:18:00]} 14. dxe5 {[%clk 1:12:00]} Qd7 {[%clk
1:17:00]} 15. Rc1 {[%clk 1:05:00]} Rfd8 {[%clk 1:15:00]} 16. Nd4 {[%clk 1:05:00]}
a6 {[%clk 1:08:00]} 17. Qd2 {[%clk 0:54:00]} Rac8 {[%clk 1:00:00]} 18. h3 {[%clk
0:47:00]} h6 {[%clk 0:56:00]} 19. b3 {[%clk 0:36:00]} b5 {[%clk 0:51:00]} 20. f4
{[%clk 0:33:00]} Rc7 {[%clk 0:39:00]} 21. Nxc6 {[%clk 0:24:00]} Qxc6 {[%clk
0:33:00]} 22. Red1 {[%clk 0:19:26]} Rcd7 {[%clk 0:22:00]} 23. Rc2 {[%clk
0:17:53]} Qb6+ {[%clk 0:19:30]} 24. Qf2 {[%clk 0:17:29]} Qxf2+ {[%clk 0:19:13]}
25. Kxf2 {[%clk 0:17:58]} d4 {[%clk 0:19:20]} 26. c4 {[%clk 0:17:53]} bxc4 {[%clk
0:19:02]} 27. Rxc4 {[%clk 0:18:21]} Rc8 {[%clk 0:18:24]} 28. Rxc8+ {[%clk
0:18:18]} Bxc8 {[%clk 0:18:50]} 29. Rc1 {[%clk 0:18:38]} Bb7 {[%clk 0:18:48]} 30.
Ke2 {[%clk 0:18:22]} g6 {[%clk 0:17:36]} 31. g3 {[%clk 0:18:45]} Kg7 {[%clk
0:17:46]} 32. Rc5 {[%clk 0:17:14]} Bd5 {[%clk 0:14:27]} 33. Kd2 {[%clk 0:16:15]}
Ra7 {[%clk 0:13:11]} 34. Kc2 {[%clk 0:16:09]} Kf8 {[%clk 0:12:35]} 35. a4 {[%clk
0:15:27]} Rb7 {[%clk 0:11:11]} 36. Bxa6 {[%clk 0:15:23]} Rxb3 {[%clk 0:10:32]}
37. Bd3 {[%clk 0:14:29]} Ra3 {[%clk 0:09:10]} 38. a5 {[%clk 0:12:33]} Ra2+ {[%clk
0:09:19]} 39. Kc1 {[%clk 0:12:36]} Ra3 {[%clk 0:09:13]} 40. Kd2 {[%clk 0:12:22]}
Ra2+ {[%clk 0:09:17]} 41. Ke1 {[%clk 0:09:39]} Ra3 {[%clk 0:09:19]} 42. Bb5
{[%clk 0:10:01]} Rxg3 {[%clk 0:06:44]} 43. a6 {[%clk 0:10:20]} Rxh3 {[%clk
0:05:41]} 44. a7 {[%clk 0:10:39]} Ra3 {[%clk 0:06:09]} 45. Rc8+ {[%clk 0:11:04]}
Kg7 {[%clk 0:06:21]} 46. Rc7 {[%clk 0:11:28]} h5 {[%clk 0:06:25]} 47. Be8 {[%clk
0:11:50]} Kh6 {[%clk 0:04:37]} 48. Bxf7 {[%clk 0:03:52]} h4 {[%clk 0:04:37]} 49.
Bg8 {[%clk 0:03:52]} g5 {[%clk 0:04:37]} 50. f5 {[%clk 0:03:52]} Ra1+ {[%clk
0:04:37]} 51. Kd2 {[%clk 0:03:52]} Ra2+ {[%clk 0:04:37]} 52. Kd3 {[%clk 0:03:52]}
Ra3+ {[%clk 0:04:37]} 53. Kxd4 {[%clk 0:03:52]} Ra4+ {[%clk 0:04:37]} 54. Kc3
{[%clk 0:03:52]} Ra3+ {[%clk 0:04:37]} 55. Kb4 {[%clk 0:03:52]} Rb3+ {[%clk
0:04:37]} 56. Ka4 {[%clk 0:03:52]} Kh5 {[%clk 0:04:37]} 57. Bxe6 {[%clk 0:03:52]}
1-0

[Event "Campeonato España Sub 12"]
[Site "Salobreña"]
[Date "2017.07.13"]
[Round "6"]
[White "Serrano Ruiz, Lope"]
[Black "Garcia Molina, Jose"]
[Result "1/2-1/2"]
[Board "20"]
[WhiteClock "1:30"]
[WhiteElo "1400"]
[WhiteCountry "ESP"]
[WhiteFideId "24548871"]
[WhiteEloChange "6"]
[BlackClock "1:30"]
[BlackElo "1657"]
[BlackCountry "ESP"]
[BlackFideId "32030592"]
[BlackEloChange "-6"]

1. e4 {[%clk 1:30:00]} c5 {[%clk 1:30:00]} 2. d4 {[%clk 1:31:00]} e6 {[%clk
1:29:00]} 3. Bc4 {[%clk 1:30:00]} d5 {[%clk 1:27:00]} 4. exd5 {[%clk 1:29:00]}
exd5 {[%clk 1:28:00]} 5. Bb3 {[%clk 1:26:00]} c4 {[%clk 1:23:00]} 6. Ba4+ {[%clk
1:26:00]} Nc6 {[%clk 1:23:00]} 7. c3 {[%clk 1:25:00]} Bf5 {[%clk 1:23:00]} 8. Nf3
{[%clk 1:23:00]} Nf6 {[%clk 1:22:00]} 9. Ne5 {[%clk 1:22:00]} Rc8 {[%clk
1:22:00]} 10. O-O {[%clk 1:21:00]} Be7 {[%clk 1:20:00]} 11. Qf3 {[%clk 1:21:00]}
Bg6 {[%clk 1:20:00]} 12. Be3 {[%clk 1:15:00]} O-O {[%clk 1:18:00]} 13. Bxc6
{[%clk 1:14:00]} bxc6 {[%clk 1:18:00]} 14. Nd2 {[%clk 1:14:00]} Bd6 {[%clk
1:13:00]} 15. Bg5 {[%clk 1:14:00]} Be7 {[%clk 1:00:00]} 16. b3 {[%clk 1:12:00]}
Ne4 {[%clk 0:56:00]} 17. Bxe7 {[%clk 1:11:00]} Nxd2 {[%clk 0:55:00]} 18. Bxd8
{[%clk 1:11:00]} Nxf3+ {[%clk 0:56:00]} 19. gxf3 {[%clk 1:11:00]} Rfxd8 {[%clk
0:56:00]} 20. bxc4 {[%clk 1:11:00]} dxc4 {[%clk 0:57:00]} 21. Rfe1 {[%clk
1:11:00]} c5 {[%clk 0:55:00]} 22. dxc5 {[%clk 1:11:00]} Rxc5 {[%clk 0:55:00]} 23.
Rad1 {[%clk 1:09:00]} Rxd1 {[%clk 0:54:00]} 24. Rxd1 {[%clk 1:10:00]} h6 {[%clk
0:55:00]} 25. f4 {[%clk 1:09:00]} Ra5 {[%clk 0:48:00]} 26. Nxc4 {[%clk 1:08:00]}
Rxa2 {[%clk 0:48:00]} 27. Rc1 {[%clk 1:08:00]} Ra4 {[%clk 0:47:00]} 28. Ne5
{[%clk 1:08:00]} Rxf4 {[%clk 0:47:00]} 29. Ra1 {[%clk 1:08:00]} Rf5 {[%clk
0:45:00]} 30. Nxg6 {[%clk 1:08:00]} Rg5+ {[%clk 0:46:00]} 31. Kf1 {[%clk
1:08:00]} Rxg6 {[%clk 0:45:00]} 32. Rxa7 {[%clk 1:07:00]} Rc6 {[%clk 0:45:00]}
33. Ra8+ {[%clk 1:07:00]} Kh7 {[%clk 0:46:00]} 34. Ra3 {[%clk 1:08:00]} Rc4
{[%clk 0:46:00]} 35. Kg2 {[%clk 1:07:00]} g5 {[%clk 0:46:00]} 36. Kf1 {[%clk
1:07:00]} Kg6 {[%clk 0:46:00]} 37. Ke2 {[%clk 1:05:00]} Rh4 {[%clk 0:46:00]} 38.
Ra1 {[%clk 1:05:00]} Rxh2 {[%clk 0:46:00]} 39. Rc1 {[%clk 1:06:00]} Rh4 {[%clk
0:46:00]} 40. c4 {[%clk 1:06:00]} Rd4 {[%clk 0:47:00]} 41. c5 {[%clk 1:06:00]}
Rd7 {[%clk 0:47:00]} 42. c6 {[%clk 1:06:00]} Rc7 {[%clk 0:48:00]} 43. Kf3 {[%clk
1:06:00]} f5 {[%clk 0:47:00]} 44. Rc5 {[%clk 1:06:00]} h5 {[%clk 0:47:00]} 45.
Kg3 {[%clk 1:06:00]} f4+ {[%clk 0:40:00]} 46. Kh3 {[%clk 1:06:00]} Kf6 {[%clk
0:38:00]} 47. Kg2 {[%clk 1:05:00]} g4 {[%clk 0:39:00]} 48. Rxh5 {[%clk 1:05:00]}
Kg6 {[%clk 0:39:00]} 1/2-1/2

[Event "Campeonato España Sub 12"]
[Site "Salobreña"]
[Date "2017.07.13"]
[Round "6"]
[White "Juarros Ruiz, Victor"]
[Black "Sureda Gonzalez, Miquel"]
[Result "1-0"]
[Board "21"]
[WhiteClock "n/a"]
[WhiteElo "1700"]
[WhiteCountry "ESP"]
[WhiteFideId "24515213"]
[WhiteEloChange "2"]
[BlackClock "n/a"]
[BlackElo "1265"]
[BlackCountry "ESP"]
[BlackFideId "24564680"]
[BlackEloChange "-2"]

1. e4 {[%clk 1:30:30]} c5 {[%clk 1:30:30]} 2. Nf3 {[%clk 1:30:30]} g6 {[%clk
1:30:30]} 3. c4 {[%clk 1:30:30]} Bg7 {[%clk 1:30:30]} 4. d4 {[%clk 1:30:30]} cxd4
{[%clk 1:30:30]} 5. Nxd4 {[%clk 1:30:30]} Nf6 {[%clk 1:30:30]} 6. Nc3 {[%clk
1:30:30]} Nc6 {[%clk 1:30:30]} 7. Be3 {[%clk 1:30:30]} d6 {[%clk 1:30:30]} 8. Be2
{[%clk 1:30:30]} O-O {[%clk 1:30:30]} 9. f3 {[%clk 1:30:30]} Bd7 {[%clk 1:30:30]}
10. O-O {[%clk 1:30:30]} Nxd4 {[%clk 1:30:30]} 11. Bxd4 {[%clk 1:30:30]} Bc6
{[%clk 1:30:30]} 12. Rc1 {[%clk 1:30:30]} Nd7 {[%clk 1:30:30]} 13. Be3 {[%clk
1:30:30]} a5 {[%clk 1:30:30]} 14. b3 {[%clk 1:30:30]} Nc5 {[%clk 1:30:30]} 15.
Qc2 {[%clk 1:30:30]} Qb6 {[%clk 1:30:30]} 16. Rb1 {[%clk 1:30:30]} Qb4 {[%clk
1:30:30]} 17. Bd2 {[%clk 1:30:30]} Bd4+ {[%clk 1:30:30]} 18. Kh1 {[%clk 1:30:30]}
Qb6 {[%clk 1:30:30]} 19. Rfd1 {[%clk 1:30:30]} Bxc3 {[%clk 1:30:30]} 20. Bxc3
{[%clk 1:30:30]} a4 {[%clk 1:30:30]} 21. b4 {[%clk 1:30:30]} Ne6 {[%clk 1:30:30]}
22. a3 {[%clk 1:30:30]} Bd7 {[%clk 1:30:30]} 23. c5 {[%clk 1:30:30]} Qc6 {[%clk
1:30:30]} 24. cxd6 {[%clk 1:30:30]} exd6 {[%clk 1:30:30]} 25. Rbc1 {[%clk
1:30:30]} Rac8 {[%clk 1:30:30]} 26. Qd2 {[%clk 1:30:30]} Qb6 {[%clk 1:30:30]} 27.
Bf6 {[%clk 1:30:30]} Ng7 {[%clk 1:30:30]} 28. Be7 {[%clk 1:30:30]} Rfe8 {[%clk
1:30:30]} 29. Bxd6 {[%clk 1:30:30]} Rxc1 {[%clk 1:30:30]} 30. Rxc1 {[%clk
1:30:30]} Be6 {[%clk 1:30:30]} 31. Bc7 {[%clk 1:30:30]} Qf2 {[%clk 1:30:30]} 32.
Bg3 {[%clk 1:30:30]} Qb6 {[%clk 1:30:30]} 33. Bd1 {[%clk 1:30:30]} Rd8 {[%clk
1:30:30]} 34. Qb2 {[%clk 1:30:30]} Qa6 {[%clk 1:30:30]} 35. Be2 {[%clk 1:30:30]}
Bc4 {[%clk 1:30:30]} 36. Bxc4 {[%clk 1:30:30]} Qxc4 {[%clk 1:30:30]} 37. h3
{[%clk 1:30:30]} Qb3 {[%clk 1:30:30]} 38. Qf6 {[%clk 1:30:30]} Re8 {[%clk
1:30:30]} 39. Be5 {[%clk 1:30:30]} Nh5 {[%clk 1:30:30]} 40. Qh8# {[%clk 1:30:30]}
1-0

[Event "Campeonato España Sub 12"]
[Site "Salobreña"]
[Date "2017.07.13"]
[Round "6"]
[White "Abrisqueta Zudaire, Leyre"]
[Black "Garcia Gil, Oriol"]
[Result "1-0"]
[Board "22"]
[WhiteClock "1:30"]
[WhiteElo "1605"]
[WhiteCountry "ESP"]
[WhiteFideId "32092253"]
[WhiteEloChange "6"]
[BlackClock "1:30"]
[BlackElo "1453"]
[BlackCountry "ESP"]
[BlackFideId "24561274"]
[BlackEloChange "-6"]

1. d4 {[%clk 1:30:00]} g6 {[%clk 1:30:00]} 2. Nf3 {[%clk 1:31:00]} Bg7 {[%clk
1:31:00]} 3. Nc3 {[%clk 1:31:00]} d6 {[%clk 1:31:00]} 4. e4 {[%clk 1:31:00]} c5
{[%clk 1:30:00]} 5. d5 {[%clk 1:28:00]} e6 {[%clk 1:31:00]} 6. dxe6 {[%clk
1:27:00]} Bxe6 {[%clk 1:31:00]} 7. Bf4 {[%clk 1:26:00]} Bf8 {[%clk 1:21:00]} 8.
Bb5+ {[%clk 1:24:00]} Nd7 {[%clk 1:20:00]} 9. Bxd6 {[%clk 1:19:00]} Bxd6 {[%clk
1:18:00]} 10. Qxd6 {[%clk 1:19:00]} a6 {[%clk 1:19:00]} 11. Bxd7+ {[%clk
1:19:00]} Bxd7 {[%clk 1:14:00]} 12. Qe5+ {[%clk 1:19:00]} Qe7 {[%clk 1:05:00]}
13. Qxh8 {[%clk 1:19:00]} O-O-O {[%clk 1:05:00]} 14. Qe5 {[%clk 1:19:00]} Be6
{[%clk 1:04:00]} 15. O-O {[%clk 1:18:00]} f6 {[%clk 1:02:00]} 16. Qg3 {[%clk
1:18:00]} Rd6 {[%clk 0:59:00]} 17. Rad1 {[%clk 1:18:00]} Rc6 {[%clk 0:59:00]} 18.
Nd5 {[%clk 1:18:00]} Qf7 {[%clk 0:56:00]} 19. Rd2 {[%clk 1:18:00]} g5 {[%clk
0:54:00]} 20. Rfd1 {[%clk 1:17:00]} 1-0

[Event "Campeonato España Sub 12"]
[Site "Salobreña"]
[Date "2017.07.13"]
[Round "6"]
[White "Taltavull Hidalgo, Artur"]
[Black "Casares Bonals, Ainhoa"]
[Result "1/2-1/2"]
[Board "23"]
[WhiteClock "1:30"]
[WhiteElo "1607"]
[WhiteCountry "ESP"]
[WhiteFideId "24569968"]
[WhiteEloChange "-5"]
[BlackClock "1:30"]
[BlackElo "1421"]
[BlackCountry "ESP"]
[BlackFideId "24561304"]
[BlackEloChange "5"]

1. e4 {[%clk 1:30:00]} c5 {[%clk 1:30:00]} 2. Nf3 {[%clk 1:31:00]} d6 {[%clk
1:31:00]} 3. d4 {[%clk 1:31:00]} cxd4 {[%clk 1:31:00]} 4. Qxd4 {[%clk 1:31:00]}
a6 {[%clk 1:30:00]} 5. Bc4 {[%clk 1:27:00]} Nf6 {[%clk 1:29:00]} 6. Nc3 {[%clk
1:20:00]} Nc6 {[%clk 1:27:00]} 7. Qe3 {[%clk 1:09:00]} e6 {[%clk 1:23:00]} 8. O-O
{[%clk 1:00:00]} b5 {[%clk 1:21:00]} 9. Bb3 {[%clk 0:58:00]} Bb7 {[%clk 1:19:00]}
10. a3 {[%clk 0:48:00]} Be7 {[%clk 1:16:00]} 11. Rd1 {[%clk 0:44:00]} O-O {[%clk
1:12:00]} 12. Qe2 {[%clk 0:41:00]} Qc7 {[%clk 1:07:00]} 13. Bf4 {[%clk 0:28:00]}
Rfd8 {[%clk 0:58:00]} 14. Rd2 {[%clk 0:23:00]} e5 {[%clk 0:51:00]} 15. Bg5 {[%clk
0:20:00]} Na5 {[%clk 0:43:00]} 16. Bxf6 {[%clk 0:15:51]} Bxf6 {[%clk 0:43:00]}
17. Bd5 {[%clk 0:12:39]} Be7 {[%clk 0:39:00]} 18. Ba2 {[%clk 0:08:15]} Nc4 {[%clk
0:35:00]} 19. Bxc4 {[%clk 0:08:05]} bxc4 {[%clk 0:35:00]} 20. Nd1 {[%clk
0:05:27]} Rab8 {[%clk 0:33:00]} 21. Ne3 {[%clk 0:01:32]} Bxe4 {[%clk 0:29:00]}
22. Qxc4 {[%clk 0:01:50]} Qxc4 {[%clk 0:28:00]} 23. Nxc4 {[%clk 0:02:19]} Bxf3
{[%clk 0:27:00]} 24. gxf3 {[%clk 0:02:45]} Rbc8 {[%clk 0:26:00]} 25. b3 {[%clk
0:02:53]} f6 {[%clk 0:25:00]} 26. Rad1 {[%clk 0:02:58]} Rc6 {[%clk 0:24:00]} 27.
Kf1 {[%clk 0:02:33]} Kf7 {[%clk 0:23:00]} 28. Kg2 {[%clk 0:01:52]} Ke6 {[%clk
0:21:00]} 29. Ne3 {[%clk 0:01:30]} g6 {[%clk 0:20:00]} 30. Kg3 {[%clk 0:01:30]}
h5 {[%clk 0:20:00]} 31. Nd5 {[%clk 0:01:26]} g5 {[%clk 0:18:33]} 32. Rb1 {[%clk
0:01:06]} 1/2-1/2

[Event "Campeonato España Sub 12"]
[Site "Salobreña"]
[Date "2017.07.13"]
[Round "6"]
[White "Rey Chimera, Luca"]
[Black "Canadas Martin, Borja"]
[Result "0-1"]
[Board "24"]
[WhiteClock "1:30"]
[WhiteElo "1378"]
[WhiteCountry "ESP"]
[WhiteFideId "24521906"]
[WhiteEloChange "-3"]
[BlackClock "1:30"]
[BlackElo "1667"]
[BlackCountry "ESP"]
[BlackFideId "24538396"]
[BlackEloChange "3"]

1. e4 {[%clk 1:30:00]} e6 {[%clk 1:30:00]} 2. d4 {[%clk 1:31:00]} d5 {[%clk
1:30:00]} 3. Bd3 {[%clk 1:31:00]} dxe4 {[%clk 1:30:00]} 4. Bxe4 {[%clk 1:31:00]}
Nf6 {[%clk 1:30:00]} 5. Bf3 {[%clk 1:31:00]} Bd6 {[%clk 1:30:00]} 6. Ne2 {[%clk
1:31:00]} O-O {[%clk 1:30:00]} 7. O-O {[%clk 1:32:00]} Nbd7 {[%clk 1:31:00]} 8.
g3 {[%clk 1:31:00]} e5 {[%clk 1:30:00]} 9. Bg2 {[%clk 1:30:00]} c6 {[%clk
1:25:00]} 10. Nd2 {[%clk 1:27:00]} exd4 {[%clk 1:24:00]} 11. Nxd4 {[%clk
1:28:00]} Ne5 {[%clk 1:24:00]} 12. N2f3 {[%clk 1:26:00]} Qc7 {[%clk 1:17:00]} 13.
c3 {[%clk 1:26:00]} Nxf3+ {[%clk 1:15:00]} 14. Nxf3 {[%clk 1:26:00]} Bf5 {[%clk
1:15:00]} 15. Nd4 {[%clk 1:24:00]} Bg6 {[%clk 1:14:00]} 16. Be3 {[%clk 1:24:00]}
Rad8 {[%clk 1:10:00]} 17. Qb3 {[%clk 1:24:00]} h6 {[%clk 0:57:00]} 18. Rad1
{[%clk 1:23:00]} Ng4 {[%clk 0:56:00]} 19. Bc1 {[%clk 1:21:00]} Nf6 {[%clk
0:46:00]} 20. Rfe1 {[%clk 1:21:00]} a6 {[%clk 0:45:00]} 21. Be3 {[%clk 1:20:00]}
Ng4 {[%clk 0:44:00]} 22. Bc1 {[%clk 1:20:00]} c5 {[%clk 0:42:00]} 23. Ne2 {[%clk
1:20:00]} b5 {[%clk 0:42:00]} 24. a3 {[%clk 1:20:00]} c4 {[%clk 0:42:00]} 25. Qa2
{[%clk 1:21:00]} Bc5 {[%clk 0:41:00]} 26. Nd4 {[%clk 1:21:00]} Qb6 {[%clk
0:37:00]} 27. Be3 {[%clk 1:21:00]} Nxe3 {[%clk 0:37:00]} 28. fxe3 {[%clk
1:22:00]} Rfe8 {[%clk 0:36:00]} 29. Qa1 {[%clk 1:21:00]} Be4 {[%clk 0:27:00]} 30.
Bxe4 {[%clk 1:21:00]} Rxe4 {[%clk 0:28:00]} 31. Qb1 {[%clk 1:21:00]} Rde8 {[%clk
0:28:00]} 32. Qc1 {[%clk 1:21:00]} Qf6 {[%clk 0:27:00]} 33. Rd2 {[%clk 1:20:00]}
Rxe3 {[%clk 0:23:00]} 34. Rxe3 {[%clk 1:21:00]} Rxe3 {[%clk 0:22:00]} 35. Rf2
{[%clk 1:21:00]} Bxd4 {[%clk 0:22:00]} 36. cxd4 {[%clk 1:21:00]} Qxd4 {[%clk
0:22:00]} 37. Qf1 {[%clk 1:21:00]} Rf3 {[%clk 0:22:00]} 38. Qg2 {[%clk 1:20:00]}
Qxf2+ {[%clk 0:22:00]} 39. Qxf2 {[%clk 1:20:00]} Rxf2 {[%clk 0:22:00]} 40. Kxf2
{[%clk 1:21:00]} Kf8 {[%clk 0:23:00]} 41. Ke3 {[%clk 1:21:00]} Ke7 {[%clk
0:23:00]} 42. Kd4 {[%clk 1:22:00]} Kd6 {[%clk 0:23:00]} 0-1

[Event "Campeonato España Sub 12"]
[Site "Salobreña"]
[Date "2017.07.13"]
[Round "6"]
[White "Sainz Allo, Javier"]
[Black "Castillo Dalmau, Arnau"]
[Result "0-1"]
[Board "25"]
[WhiteClock "1:30"]
[WhiteElo "1369"]
[WhiteCountry "ESP"]
[WhiteFideId "24515981"]
[WhiteEloChange "-3"]
[BlackClock "1:30"]
[BlackElo "1650"]
[BlackCountry "ESP"]
[BlackFideId "32092725"]
[BlackEloChange "3"]

1. e4 {[%clk 1:30:00]} c5 {[%clk 1:30:00]} 2. Nf3 {[%clk 1:31:00]} e6 {[%clk
1:30:00]} 3. d4 {[%clk 1:31:00]} cxd4 {[%clk 1:30:00]} 4. Nxd4 {[%clk 1:32:00]}
Nc6 {[%clk 1:30:00]} 5. Nb5 {[%clk 1:31:00]} d6 {[%clk 1:29:00]} 6. c4 {[%clk
1:31:00]} a6 {[%clk 1:29:00]} 7. N5a3 {[%clk 1:31:00]} Be7 {[%clk 1:27:00]} 8.
Be2 {[%clk 1:30:00]} Nf6 {[%clk 1:26:00]} 9. Nc3 {[%clk 1:31:00]} O-O {[%clk
1:24:00]} 10. O-O {[%clk 1:31:00]} b6 {[%clk 1:20:00]} 11. Be3 {[%clk 1:31:00]}
Bb7 {[%clk 1:17:00]} 12. Qb3 {[%clk 1:28:00]} Nd7 {[%clk 1:17:00]} 13. Rfd1
{[%clk 1:27:00]} Qc7 {[%clk 1:15:00]} 14. Rd2 {[%clk 1:26:00]} Nc5 {[%clk
1:11:00]} 15. Qd1 {[%clk 1:25:00]} f5 {[%clk 1:06:00]} 16. exf5 {[%clk 1:16:00]}
Rxf5 {[%clk 1:01:00]} 17. Bg4 {[%clk 1:13:00]} Rf6 {[%clk 1:00:00]} 18. Bg5
{[%clk 1:10:00]} Rg6 {[%clk 1:00:00]} 19. Bxe7 {[%clk 1:10:00]} Qxe7 {[%clk
1:00:00]} 20. Bf3 {[%clk 1:07:00]} Ne5 {[%clk 1:00:00]} 21. Bxb7 {[%clk 1:03:00]}
Qxb7 {[%clk 1:01:00]} 22. f3 {[%clk 1:04:00]} Nxf3+ {[%clk 1:01:00]} 23. Kh1
{[%clk 1:04:00]} Nxd2 {[%clk 1:01:00]} 24. Qxd2 {[%clk 1:04:00]} Ne4 {[%clk
1:01:00]} 25. Nxe4 {[%clk 1:05:00]} Qxe4 {[%clk 1:01:00]} 26. Re1 {[%clk
1:05:00]} Qb7 {[%clk 0:59:00]} 27. Nc2 {[%clk 1:05:00]} Rd8 {[%clk 0:57:00]} 28.
Ne3 {[%clk 1:02:00]} b5 {[%clk 0:50:00]} 29. b3 {[%clk 1:01:00]} bxc4 {[%clk
0:47:00]} 30. bxc4 {[%clk 1:02:00]} d5 {[%clk 0:46:00]} 31. cxd5 {[%clk 1:02:00]}
exd5 {[%clk 0:45:00]} 32. Nf5 {[%clk 1:01:00]} Rb6 {[%clk 0:45:00]} 33. Qg5
{[%clk 1:00:00]} Rf8 {[%clk 0:43:00]} 34. Ne7+ {[%clk 0:59:00]} Kh8 {[%clk
0:43:00]} 35. Nxd5 {[%clk 0:58:00]} Rb1 {[%clk 0:42:00]} 36. Qe5 {[%clk 0:57:00]}
Rxe1+ {[%clk 0:43:00]} 37. Qxe1 {[%clk 0:57:00]} Qxd5 {[%clk 0:43:00]} 0-1